Catalog

Record Details

Catalog Search



Ztracené klenoty  Cover Image Book Book

Ztracené klenoty / Kirsty Manningová ; přeložila Radka Klimičková

Manning, Kirsty (Author). Klimičková, Radka (Translator).

Summary:

Dramatický příběh, v němž se prolíná současnost s počátkem 20. století. Obě doby spojuje záhadný poklad nedozírné hodnoty. Když historička Kate Kirbyová z Bostonu obdrží lákavou nabídku napsat článek o „pokladu z Cheapside“ objeveném při stavebních pracích v Londýně na počátku 20. století, tuší, že dostala životní šanci. Nikdo neví, jak nebo proč se šperky a cennosti nedozírné hodnoty dostaly pod povrch zemský. Cesta do Londýna však Kate přinutí zapátrat i v minulosti její vlastní rodiny. Po návratu do rodného Bostonu najde v zápiscích a skicách své prababičky, jež pocházela z rodiny chudých irských imigrantů, náčrtky zlatého knoflíku vykládaného drahými kameny, který se až podezřele podobá knoflíkům z pokladu. Mohla by Kate s pomocí těchto vodítek zjistit něco o životě své prababičky Essie Murphyové, která kdysi ve spěchu opustila Londýn a už se tam nikdy nevrátila? Nakladatelská anotace. Kráceno.

Record details

  • ISBN: 978-80-7625-142-7
  • Physical Description: 309 stran ; 21 cm
  • Edition: První vydání
  • Publisher: Praha : Metafora, 2021

Content descriptions

General Note:
Přeloženo z angličtiny
Genre: australské romány
Australian fiction

Available copies

  • 1 of 1 copy available at Common Catalog SPOK.

Holds

  • 0 current holds with 1 total copy.
Show Only Available Copies
Location Call Number / Copy Notes Barcode Shelving Location Status Due Date
Jabok Library BL-1 /Ma 424480046136 Beletrie Available -

LDR 02262nam a2200397 i 4500
00157305
003CZ-PrJAB
00520220112152245.0
007ta
008211115s2021 xr g 000 f cze
015 . ‡acnb003374811
020 . ‡a978-80-7625-142-7 ‡q(vázáno) : ‡cKč 349,00
035 . ‡a(CZ PrNK)nkc20213374811
035 . ‡a(OCoLC)1296108105
040 . ‡aABG001 ‡bcze ‡erda
0411 . ‡acze ‡heng
072 7. ‡a821.111-3 ‡xAnglická próza, anglicky psaná ‡2Konspekt ‡925
080 . ‡a821.111(94)-31 ‡2MRF
080 . ‡a(0:82-31) ‡2MRF
1001 . ‡aManning, Kirsty ‡7xx0263989 ‡4aut
24010. ‡aLost jewels. ‡lČesky
24510. ‡aZtracené klenoty / ‡cKirsty Manningová ; přeložila Radka Klimičková
250 . ‡aPrvní vydání
264 1. ‡aPraha : ‡bMetafora, ‡c2021
300 . ‡a309 stran ; ‡c21 cm
336 . ‡atext ‡btxt ‡2rdacontent
337 . ‡abez média ‡bn ‡2rdamedia
338 . ‡asvazek ‡bnc ‡2rdacarrier
500 . ‡aPřeloženo z angličtiny
5202 . ‡aDramatický příběh, v němž se prolíná současnost s počátkem 20. století. Obě doby spojuje záhadný poklad nedozírné hodnoty. ‡bKdyž historička Kate Kirbyová z Bostonu obdrží lákavou nabídku napsat článek o „pokladu z Cheapside“ objeveném při stavebních pracích v Londýně na počátku 20. století, tuší, že dostala životní šanci. Nikdo neví, jak nebo proč se šperky a cennosti nedozírné hodnoty dostaly pod povrch zemský. Cesta do Londýna však Kate přinutí zapátrat i v minulosti její vlastní rodiny. Po návratu do rodného Bostonu najde v zápiscích a skicách své prababičky, jež pocházela z rodiny chudých irských imigrantů, náčrtky zlatého knoflíku vykládaného drahými kameny, který se až podezřele podobá knoflíkům z pokladu. Mohla by Kate s pomocí těchto vodítek zjistit něco o životě své prababičky Essie Murphyové, která kdysi ve spěchu opustila Londýn a už se tam nikdy nevrátila? Nakladatelská anotace. Kráceno.
655 7. ‡aaustralské romány ‡7fd131842 ‡2czenas
655 9. ‡aAustralian fiction ‡2eczenas
7001 . ‡aKlimičková, Radka ‡7hka2015853804 ‡4trl
910 . ‡aABG312
995 . ‡aska
901 . ‡a57305 ‡bAUTOGEN ‡c57305 ‡tbiblio

Additional Resources